Statistiques concernant Noms de pays cachés dans un poème

Cliquez ici pour prendre le quiz!

Statistiques générales

  • Ce quiz a été pris 1 513 fois
  • Le résultat moyen est 5 sur 11

Statistiques - réponses

Pays% Correct
Népal
64%
Chine
62%
Iran
62%
Togo
62%
Grèce
61%
Gabon
58%
Mali
53%
Inde
40%
Suisse
25%
Hongrie
22%
Andorre
21%

Distribution des résultats

Percentile par nombre de réponses

% des personnes avec chaque résultat

Votre développement - résultats

Vous n’avez pas pris ce quiz